|
|
|
|
| LEADER |
00866nam a2200265 4500 |
| 001 |
DLU110126823 |
| 005 |
##20111018 |
| 040 |
# |
# |
|a DLU
|b vie
|
| 041 |
# |
# |
|a vie
|
| 044 |
# |
# |
|a vn
|
| 100 |
# |
# |
|a Đinh Văn Sơn,
|c PGS.TS.
|
| 245 |
# |
# |
|a Thị trường các công cụ phái sinh ở Việt Nam :
|b Thực trạng, định hướng chính sách và giải pháp phát triển /
|c Đinh Văn Sơn.
|
| 653 |
# |
# |
|a Hợp đồng phái sinh
|
| 653 |
# |
# |
|a Sản phẩm phái sinh
|
| 653 |
# |
# |
|a Thị trường tài chính
|
| 773 |
# |
# |
|t Nghiên cứu Châu Âu
|g Số 11, 2009, tr. 75-83
|
| 920 |
# |
# |
|a Phòng Tạp chí -- Trung tâm Thông tin - Thư viện Trường Đại học Đà Lạt
|
| 994 |
# |
# |
|a DLU
|
| 900 |
# |
# |
|a True
|
| 911 |
# |
# |
|a Nguyễn Thị Linh Chi
|
| 925 |
# |
# |
|a G
|
| 926 |
# |
# |
|a A
|
| 927 |
# |
# |
|a BB
|
| 980 |
# |
# |
|a Thư viện Trường Đại học Đà Lạt
|